Potential strategies and future requirements for plant disease management under a changing climate (Record no. 65398)

MARC details
000 -LEADER
fixed length control field 00566nam a2200193Ia 4500
100 ## - MAIN ENTRY--AUTHOR NAME
Personal name Juroszek P
245 #0 - TITLE STATEMENT
Title Potential strategies and future requirements for plant disease management under a changing climate
260 ## - PUBLICATION, DISTRIBUTION, ETC. (IMPRINT)
Name of publisher Plant Pathology
Year of publication 2011
300 ## - PHYSICAL DESCRIPTION
Number of Pages 100-112
650 ## - SUBJECT ADDED ENTRY--TOPICAL TERM
Topical Term CO2
650 ## - SUBJECT ADDED ENTRY--TOPICAL TERM
Topical Term Fungal plant pathogens
650 ## - SUBJECT ADDED ENTRY--TOPICAL TERM
Topical Term Global warming
650 ## - SUBJECT ADDED ENTRY--TOPICAL TERM
Topical Term Integrated pest management
650 ## - SUBJECT ADDED ENTRY--TOPICAL TERM
Topical Term Plant protection products
650 ## - SUBJECT ADDED ENTRY--TOPICAL TERM
Topical Term Temperature
700 ## - ADDED ENTRY--PERSONAL NAME
Personal name von Tiedemann A
942 ## - ADDED ENTRY ELEMENTS (KOHA)
Koha item type Journals
Holdings
Withdrawn status Lost status Damaged status Not for loan Home library Current library Shelving location Date acquired Serial Enumeration / chronology Koha item type
      Journals RRII Library RRII Library Pathology 04/10/2011 Volume 60, Issue 1 Journals